Datum a čas kvízu

23 Celkem bodů Celkový počet nahraných bodů na tomto kvízu bez doplňovacích otázek.
7. Pořadí na kvízu Konečné umístění týmu na tomto kvízu.

Zaznamenané odpovědi

# Otázka Odpověď Body Výsledky
1. Centrum pro výzkum veřejného m... A 1
2. Jisté evropské město minulý tý... Barcelona 0
3. Jak se nazývá pražské muzeum,... Museum Kampa 1
4. Největší výrobce hodinek na sv... Swatch 0
5. V uplynulém týdnu se v českých... Nicolae Stanciu 0
6. Putování po našich dálnicích n... Český Šternberk 0
7. Na D1 ještě zůstaneme. Již od... U Rybiček 0
8. Když pojedeme po D8, nemůžeme... V tomto roce zde byl vyzvednut základní kámen pro stavbu Národního divadla. 0
9. Po dálnici D10 se dostaneme až... Dlaskův statek 0
10. Přiřaďte následující zajímavá... 1A 2D 3B 4C 0